01860cam a2200289 a 450000500170000000800410001702000150005804100080007310000250008124501110010625000410021726000530025830000110031150001620032265300640048465300380054865301070058665301980069365301020089165300320099365300860102565300430111165300370115465301320119165301470132365301000147020240222115704.0100810s2005||||ag d f |||| 00| 0 spa d a9509030104 aspa1 aLencioni, Leo Julio. aSexología y Tocoginecología Médico-Legal.bTratado para médicos y abogados / cLeo Julio Lencioni. a1a ed.bPrólogo de Alfredo Achaval aRosario [Santa Fe ; Argentina]: bCorpus;c2005. a282 p. aLencioni, L. J. (2005). Sexología y Tocoginecología Médico-Legal. Tratado para médicos y abogados. (1a ed.). Rosario (Santa Fe ; Argentina) : Corpus. aSexo: la sexología. Los estados intersexuales. Cromosomas aDesviaciones sexuales. Parafilias aDelitos contra la integridad sexual: epidemiología, examen de la victima, examen del lugar del hecho aDelitos contra la integridad sexual: examen genital, violación por vía anal, coito por vía oral, examen psíquico, complicaciones, examen del agresor, laboratorio, mutilaciones genitales aDelitos contra la integridad sexual: legislación, protocolos para redactar historias clínicas aAbuso sexual en los niños aEnfermedades de transmisión sexual: delito de contagio venéreo, legislación aImpotencia, esterilidad e infertelidad aTocoginecología médico-legal aEmbarazo: diagnóstico del embarazo, tiempo de embarazo, duración del embarazo, nacimiento, otros problemas médico-legales aAborto: epidemiología del aborto criminal, causas del aborto, complicaciones del aborto criminal, sintomatología del aborto, legislación aFertilización asistida: técnicas de fertilización asistida, aspectos médico-jurídicos